| 000 | 00000nam##2200000za#4500 |
| 001 | 9.681388 |
| 003 | CaOODSP |
| 005 | 20240212134143 |
| 007 | ta |
| 008 | 150407|2001||||xxc||||| f|0| 0 fre|d |
| 020 | |a0-662-85479-9 |
| 040 | |aCaOODSP|bfre |
| 043 | |an-cn--- |
| 086 | 1 |aNE23-94/2001F |
| 110 | 1 |aCanada. |bOffice national de l'énergie. |
| 245 | 13|aLe secteur de l'électricité au Canada : |btendances et enjeux |
| 260 | |aCalgary - Alberta : |bOffice national de l'énergie |c2001. |
| 300 | |ax, 70p. : |bgraphiques ; |c28 cm. |
| 563 | |aCouverture souple |
| 590 | |a01-22|b2001-06-01 |
| 691 | 07|aÉlectricité|2gcpds |
| 691 | 07|aPrix|2gcpds |
| 691 | 07|aDemande|2gcpds |
| 691 | 07|aCommerce|2gcpds |
| 775 | 08|tCanadian electricity : |w(CaOODSP)9.648002 |
| 776 | 0#|tLe secteur de l'électricité au Canada : |w(CaOODSP)9.640110 |